000
00306nam a22001217a 4500
020
_a
9789351112556
082
_a
621.402
_b
DEV/TH
100
_a
Devesh Kumar Dixit
_9
285
245
_a
Thermodynamics And Statistical Mechanics
260
_a
New Delhi
_b
Random Publications
_c
2014
300
_a
284
942
_c
BK
999
_c
14223
_d
14223